[Event "LTU-ch Women 2020"]
[Site "Vilnius"]
[Date "2020.11.20"]
[Round "1.1"]
[White "Baginskaite, Kamile"]
[Black "Maciulaityte, Barbora"]
[Result "1-0"]
[WhiteElo "2141"]
[BlackElo "1696"]
[Annotator "TA"]
[PlyCount "87"]
[EventDate "2020.11.20"]
[EventType "swiss"]
[EventCountry "LTU"]
[SourceTitle "playchess.com"]
[Source "ChessBase"]
[SourceQuality "1"]

{[%evp 9,87,18,23,23,23,24,22,19,20,16,22,18,18,7,16,19,28,26,68,25,104,105,106,98,108,104,103,88,86,106,138,127,147,80,96,47,53,54,56,0,0,0,0,0,0,0,12,12,12,12,39,10,71,10,252,247,247,0,175,11,194,12,12,12,548,0,0,0,509,452,602,585,561,515,29976,29977,29977,29978,29978,29979]} 1. d4 d5 2. c4 e6 3. Nc3 a6 4. cxd5 exd5 5. Bf4 Nf6 6. e3 {D31: Queen's Gambit Declined: Semi-Slav without ...Nf6 (+ Marshall Gambit and Noteboom) and Exchange Variation lines without ...Nf6.} Bd6 7. Bg5 $1 {[%mdl 4] is currently scoring better than 7.Bxd6.} c6 8. Bd3 {The position is equal.} O-O 9. Qc2 h6 10. Bh4 Be6 11. Nge2 Nbd7 12. h3 {[#]} Qc7 $146 ({Predecessor:} 12... b5 13. O-O Rc8 14. Rad1 c5 15. dxc5 Rxc5 16. Qd2 Ne5 17. Nd4 Nc4 18. Bxc4 Rxc4 19. Bxf6 Qxf6 20. Nxe6 Qxe6 21. Nxd5 {½-½ (53) Dimitrov,R (2519)-Enchev,I (2496) Noisiel 2020}) 13. f4 {Black must now prevent f5.} c5 14. dxc5 Nxc5 (14... Bxc5 $11 {keeps the balance.} 15. f5 Bxe3) 15. Bxf6 $16 {aiming for Bh7+.} gxf6 16. O-O Nxd3 17. Qxd3 Qc4 18. Rad1 (18. Qd2 {is interesting.} f5 19. Nd4 Rac8 20. a3 Qc7 21. Nxd5 Qd8 22. Nc3) 18... Qxd3 19. Rxd3 Bc5 20. f5 (20. Nxd5 $6 Bxd5 21. Rxd5 Bxe3+ 22. Kh1 Rfd8 $11) 20... Bd7 21. g4 ({Stronger than} 21. Rxd5 Bxe3+ 22. Kh2 Bc6 $11) (21. Kf2 $142 Ba7 22. g4 (22. Rxd5 Bc6 $16) (22. Nxd5 Kg7 $16)) 21... Bc6 22. Nf4 Bxe3+ $1 {[%mdl 64] Remove Defender, Decoy} 23. Rxe3 d4 {[%mdl 64] Double Attack} 24. Re7 (24. Rg3 $14 dxc3 25. Rxc3) 24... dxc3 $11 25. bxc3 Rfe8 26. Rfe1 Kf8 27. Rxe8+ Rxe8 28. Rxe8+ Kxe8 {[%mdl 4096] Endgame KB-KN} 29. Kf2 Ke7 30. Ke3 Kd6 (30... b5 $1 $11) 31. Kd4 ({Better is} 31. c4 $1 $16) 31... Bf3 $2 (31... b5 $11 {and Black stays safe.}) 32. Nh5 Bg2 33. Nf4 Bf3 $1 34. a3 $2 (34. c4 $1 $18) 34... Bc6 $2 {[#]} (34... b5 $11) 35. c4 $2 (35. Nh5 $1 $18) 35... b6 36. Nh5 Bg2 $2 {[%mdl 8192]} (36... Ke7 $11) 37. Nf4 $2 (37. h4 $18 Ke7 38. Nf4) 37... Bc6 38. Nh5 $2 {[%mdl 8192]} (38. Nd3 $11) 38... Bg2 $18 39. h4 Ke7 40. Nf4 Bf3 41. Nd5+ Bxd5 (41... Kf8 $18 42. Nxf6 b5) 42. Kxd5 {White mates.} Kd7 {[#]} 43. c5 $1 bxc5 44. Kxc5 {Weighted Error Value: White=0.47/Black=0.61} 1-0

[Event "LTU-ch Women 2020"]
[Site "Vilnius"]
[Date "2020.11.20"]
[Round "1.2"]
[White "Ravlusevic, Evelina"]
[Black "Saumanaite, Skaiste"]
[Result "1/2-1/2"]
[WhiteElo "1581"]
[BlackElo "2033"]
[Annotator "TA"]
[PlyCount "115"]
[EventDate "2020.11.20"]
[EventType "swiss"]
[EventCountry "LTU"]
[SourceTitle "playchess.com"]
[Source "ChessBase"]
[SourceQuality "1"]

{[%evp 9,115,31,54,24,89,80,70,71,60,64,81,91,125,108,175,179,266,255,700,559,577,543,551,265,264,263,255,266,257,245,254,258,258,167,310,248,343,278,286,268,288,285,284,275,264,227,288,237,246,191,193,200,215,153,320,326,280,0,0,0,19,0,52,5,45,0,94,97,99,12,75,77,65,64,53,0,41,0,102,62,97,17,32,0,0,0,0,0,0,0,0,0,0,0,0,-29970,-29971,-29978,0,0,29969,29970,29969,29969,29968,29969,29967,29967]} 1. d4 d5 2. c4 dxc4 3. e4 c5 4. d5 Nf6 5. Nc3 b5 6. Bf4 {D20: Queen's Gambit Accepted: 3 e3 and 3 e4.} a6 (6... Qa5 $11) 7. e5 $1 $16 {[%cal Re5f6]} b4 8. exf6 {White is slightly better.} bxc3 9. bxc3 gxf6 10. Bxc4 {[#]} Bg7 $146 ({Predecessor:} 10... Rg8 11. Qb1 Nd7 12. Qxh7 Rg4 13. Ne2 Ne5 14. Bb3 c4 15. Ba4+ Bd7 16. Bxd7+ Qxd7 17. Bxe5 fxe5 {0-1 (40) Van Hoolandt,P (2183)-Salvador,R (2450) Cutro 2008}) 11. Qh5 Qa5 (11... Nd7 $16) 12. Ne2 $18 f5 (12... Qa4 {is a better defense.}) 13. O-O Bf6 $2 (13... O-O 14. Bh6 Bxh6) 14. Rab1 Qa4 15. Bb3 (15. Bxb8 Qxc4 16. Rfe1 O-O $16) (15. Rxb8 Rxb8 16. Bxb8 Qxc4 $11) 15... Qe4 16. Bxb8 (16. Rb2 $142) 16... Rxb8 {[#]} 17. Ba4+ $1 {[%mdl 576] Discovered Attack} Qxa4 18. Rxb8 O-O 19. Ng3 Qf4 20. Rb6 Rd8 21. Qh3 Qd2 (21... Be5 $142 22. Nh5 Qc4) 22. Nxf5 Kh8 23. Qf3 {aiming for Nd6!} Bxf5 24. Qxf5 Qxd5 25. Qxd5 Rxd5 26. Rxa6 Bxc3 {[%mdl 4096] Endgame KRR-KRB} 27. Ra7 Re5 28. a4 Bd4 29. Rc7 Kg7 30. a5 Re6 31. Rb1 Ra6 $2 (31... Rf6 $16 {keeps fighting.} 32. Rd7 (32. Rxe7 Rxf2 33. Kh1 Ra2 $18) 32... Bxf2+ 33. Kf1 Bd4+ 34. Ke2 Ra6) 32. Rb5 ({But not} 32. Rxe7 $6 Rxa5 33. Kf1 Ra2 $18) 32... Rf6 33. h3 $2 (33. Rxe7 Rxf2 34. Rd7 Rb2+ 35. Rxd4 Rxb5 $11) ({White has to play} 33. Rd7 $18) 33... Rxf2 $11 34. Rcb7 Ra2+ 35. Kf1 e6 (35... e5 $11) 36. Rd7 Kf6 37. Rbb7 Rxa5 (37... Ra1+ $11 38. Ke2 Ke5) 38. Rxf7+ $16 {[%mdl 64] Double Attack} Ke5 {[#]} 39. Rxh7 (39. Ra7 $1 $16 {[%cal Ra7a5]} Rb5 40. Rfb7 (40. Rxh7 Rb2 $16) 40... Rxb7 41. Rxb7) 39... Ra1+ (39... Ra2 $11 {keeps the balance.}) 40. Ke2 Ra2+ 41. Kf3 {Rh5+ is the strong threat.} Ra3+ 42. Ke2 Ra2+ 43. Kf3 (43. Kd3 $14) 43... Ra3+ $1 44. Kg4 Ke4 45. Rhe7 ({White should try} 45. h4 $16) 45... e5 $1 $11 46. Rbc7 Bf2 47. Kg5 Rg3+ 48. Kf6 Bd4 49. Rg7 Rxg7 50. Rxg7 {KR-KB} (50. Kxg7 $2 {loses.} Kd3 $19) 50... c4 {Hoping for ...c3.} (50... Kd3 $5 51. Rg3+ $8 Ke4 $11) 51. Rc7 Kd3 (51... c3 $5 52. Ke6 $8 Kd3 $11) 52. Kf5 $2 {[%mdl 8192] [#]} (52. Ke6 $11) 52... c3 $1 53. g4 c2 $2 (53... e4 {mates} 54. Rb7 c2 55. Re7 c1=Q 56. h4 e3 57. Kg6 Qc6+ 58. Kf7 e2 59. g5 Be3 60. Re6 Qd7+ 61. Re7 Qf5+ 62. Kg8 e1=Q 63. h5 Qb4 64. Rf7 Qb8+ 65. Kg7 Qxg5+ {[%mdl 64] Double Attack} 66. Kh7 Qh6#) 54. Rxc2 $1 e4 $2 {[%mdl 8192]} (54... Kxc2 $11 55. Ke4 Kd2) 55. Rc8 {White mates.} e3 56. Re8 e2 57. Kf4 Bf2 58. g5 {[%mdl 32768] Quite a comeback for White.  Weighted Error Value: White=0.44/Black=0.44. An unexpected result.} 1/2-1/2

[Event "LTU-ch Women 2020"]
[Site "Vilnius"]
[Date "2020.11.20"]
[Round "1.3"]
[White "Sibajeva, Marija"]
[Black "Sukyte, Kotryna"]
[Result "1-0"]
[WhiteElo "1910"]
[BlackElo "1405"]
[Annotator "TA"]
[PlyCount "109"]
[EventDate "2020.11.20"]
[EventType "swiss"]
[EventCountry "LTU"]
[SourceTitle "playchess.com"]
[Source "ChessBase"]
[SourceQuality "1"]

{[%evp 16,109,-17,-9,252,242,364,206,398,381,361,258,278,278,258,272,310,354,397,314,384,370,344,288,233,122,114,119,108,114,146,154,207,222,218,184,191,159,197,168,163,156,154,72,90,92,117,129,144,135,146,146,228,222,225,217,216,142,272,252,449,446,434,426,426,408,384,370,273,238,289,294,641,629,634,612,610,603,649,631,975,971,1110,987,1579,1253,29987,29988,29989,29985,29985,29984,29984,29982,29982,29982]} 1. e4 Nf6 2. Nc3 d5 3. e5 Nfd7 4. d4 c5 5. f4 cxd4 6. Qxd4 e6 7. Nf3 Nc6 8. Qd1 Bc5 9. Bd3 O-O $2 {[%mdl 8192] [#] C11: French: Classical System: 4 e5 and 4 Bg5 dxe4.} (9... Rb8 $11 {and Black stays safe.}) 10. Bxh7+ $1 $18 {[%mdl 512]} Kh8 (10... Kxh7 {is a better defense.} 11. Ng5+ Kg6) 11. Bd3 {[#]} (11. Ng5 $142 {And now Qh5 would win.} g6 12. Qg4) 11... Nb4 $146 (11... Kg8 12. Ng5 g6) ({Predecessor:} 11... g6 12. Qe2 Kg7 13. a3 a6 14. Nd1 b5 15. Be3 Bb7 16. Qf2 Be7 17. O-O Rh8 18. Nd4 Nxd4 19. Bxd4 {½-½ (24) Pogorelov,A-Kuntschke,L WCCF corr 1991}) 12. Ng5 g6 13. Qg4 {White threatens Qh4+ and mate.} Nxd3+ 14. cxd3 {White wants to mate with Qh4+.} Kg7 {[#]} 15. h4 $1 Rh8 16. h5 Qg8 17. Rh3 Nb6 18. hxg6 fxg6 19. Rxh8 Qxh8 20. Qh3 ({Stronger than} 20. Nxe6+ Bxe6 21. Qxe6 Qh1+ 22. Kd2 Qxg2+ 23. Kd1 Rh8 $11) ({White should play} 20. Nb5 $18) 20... Qxh3 21. Nxh3 Bd7 22. Ke2 Nc8 23. Be3 Bxe3 (23... Be7 $16 {was necessary.} 24. Ng1 b5) 24. Kxe3 Ne7 25. Kd2 Nf5 26. g4 Nh6 27. Rg1 Rh8 28. Nf2 Nf7 29. Rh1 (29. d4 $142) 29... Rxh1 30. Nxh1 $16 {[%mdl 4096] Endgame KBN-KNN} g5 31. Ke3 gxf4+ 32. Kxf4 Kg6 33. Ng3 Ng5 (33... Nd8 $16 34. a3 Nc6) 34. Nh5 $18 Nh7 35. Ne2 Kf7 36. Nd4 a6 (36... Nf8 $16 {was called for.}) 37. Kg3 Kg6 $2 (37... Nf8 {might work better.} 38. Nf3 Ng6) 38. Nf4+ Kf7 39. Kh4 Nf8 40. Kh5 Kg7 41. g5 Be8+ 42. Kg4 Bf7 43. g6 Nxg6 $2 (43... Bxg6 44. Nfxe6+ Nxe6 45. Nxe6+ Kf7) 44. Ndxe6+ Bxe6+ 45. Nxe6+ {KN-KN} Kf7 46. Ng5+ Ke7 47. d4 Nf8 {If Black can now play ...Nd7 this consolidates a bit.} 48. Kf5 Nd7 49. Nh7 b5 50. Nf6 {Strongly threatening Nxd7.} Nxf6 51. exf6+ {White mates.} Kf7 52. Ke5 b4 53. Kxd5 Kxf6 54. Kc4 Ke6 55. Kxb4 {Weighted Error Value: White=0.21/Black=0.71} 1-0

[Event "LTU-ch Women 2020"]
[Site "Vilnius"]
[Date "2020.11.20"]
[Round "1.4"]
[White "Plutaite, Ausra"]
[Black "Sulikiene, Kristina"]
[Result "1-0"]
[WhiteElo "1400"]
[BlackElo "1892"]
[Annotator "NA RC"]
[PlyCount "61"]
[EventDate "2020.11.20"]
[EventType "swiss"]
[EventCountry "LTU"]
[SourceTitle "playchess.com"]
[Source "ChessBase"]
[SourceQuality "1"]
[TimeControl "40/5400+30:1800+30"]

1. e4 {[%emt 0:00:00]} e5 {[%emt 0:00:00]} 2. Nf3 {[%emt 0:00:02]} Nf6 {[%emt 0:00:00]} 3. Nxe5 {[%emt 0:00:06]} d6 {[%emt 0:00:00]} 4. Nf3 {[%emt 0:00:14]} Nxe4 {[%emt 0:00:00]} 5. d3 {[%emt 0:00:19]} Nf6 {[%emt 0:00:00]} 6. d4 {[%emt 0:00:06]} Be7 {[%emt 0:00:14]} 7. Bd3 {[%emt 0:00:22]} O-O {[%emt 0:00:11]} 8. O-O {[%emt 0:00:19]} Bg4 {[%emt 0:00:24] 8...c5 is the fancy move.} 9. Bg5 {[%emt 0:00:11]} h6 {[%emt 0:00:31]} 10. Bh4 {[%emt 0:00:23]} Nc6 {[%emt 0:00:17]} 11. c3 {[%emt 0:00:13] [#]} d5 $146 {[%emt 0:01:01]} ({Predecessor:} 11... Re8 12. Re1 Nh7 13. Bxe7 Rxe7 14. Nbd2 Ng5 15. Rxe7 Qxe7 16. h3 Bh5 17. Kf1 Qf6 {½-½ (62) Jankovic,J (1956)-Havran,M (2101) Belgrade 2015}) 12. Nbd2 {[%emt 0:00:09]} Ne4 {[%emt 0:01:04]} 13. Bxe7 {[%emt 0:00:31]} Qxe7 {[%emt 0:00:10]} 14. Re1 {[%emt 0:00:49]} f5 {[%emt 0:00:28]} 15. Qb3 {[%emt 0:01:24]} Qd7 {[%emt 0:05:48]} 16. Nxe4 {[%emt 0:05:16]} fxe4 {[%emt 0:01:00]} 17. Bxe4 {[%emt 0:00:19]} Be6 {[%emt 0:01:44]} 18. Bd3 {[%emt 0:01:38]} Rxf3 {[%emt 0:06:06]} 19. gxf3 {[%emt 0:00:31]} Rf8 {[%emt 0:00:50]} 20. Re3 {[%emt 0:00:37]} Bh3 {[%emt 0:00:52]} 21. Rae1 {[%emt 0:01:24]} Qd8 {[%emt 0:02:35]} 22. f4 {[%emt 0:00:33]} Bc8 {[%emt 0:01:45]} 23. Be4 {[%emt 0:03:18]} Ne7 $18 {[%emt 0:03:49]} 24. Bf3 {[%emt 0:02:20]} Rf7 {[%emt 0:03:44]} 25. Bxd5 {[%emt 0:04:03]} Qxd5 {[%emt 0:02:58]} 26. Rxe7 {[%emt 0:00:34]} Qxb3 {[%emt 0:00:43]} 27. axb3 {[%emt 0:00:07]} Rxf4 {[%emt 0:01:00]} 28. Re8+ {[%emt 0:00:24]} Rf8 {[%emt 0:00:11]} 29. R1e7 {[%emt 0:00:10]} c6 {[%emt 0:01:10]} 30. Rxf8+ {[%emt 0:00:17]} Kxf8 {[%emt 0:00:10]} 31. Rc7 {[%emt 0:00:03]} 1-0

[Event "LTU-ch Women 2020"]
[Site "Vilnius"]
[Date "2020.11.20"]
[Round "1.5"]
[White "Perminaite, Guoda"]
[Black "Sitkauskaite, Ieva"]
[Result "1-0"]
[WhiteElo "1757"]
[BlackElo "1367"]
[Annotator "NA RC"]
[PlyCount "59"]
[EventDate "2020.11.20"]
[EventType "swiss"]
[EventCountry "LTU"]
[SourceTitle "playchess.com"]
[Source "ChessBase"]
[SourceQuality "1"]
[TimeControl "40/5400+30:1800+30"]

1. e4 {[%emt 0:00:00]} c5 {[%emt 0:00:00]} 2. Nf3 {[%emt 0:00:00]} g6 {[%emt 0:00:12]} 3. d4 {[%emt 0:00:37]} cxd4 {[%emt 0:00:21]} 4. Nxd4 {[%emt 0:00:08]} Bg7 {[%emt 0:00:31]} 5. Nc3 {[%emt 0:00:32]} Nc6 {[%emt 0:00:54]} 6. Be3 {[%emt 0:01:06]} d6 {[%emt 0:02:08]} 7. Qd2 {[%emt 0:01:34]} Nf6 {[%emt 0:02:31]} 8. f3 {[%emt 0:03:06]} O-O {[%emt 0:01:22]} 9. O-O-O {[%emt 0:00:53]} Bd7 {[%emt 0:01:59]} 10. Kb1 {[%emt 0:07:15]} Rc8 {[%emt 0:09:05]} 11. g4 {[%emt 0:02:40]} Ne5 {[%emt 0:03:04]} 12. Be2 {[%emt 0:12:31]} Nc4 {[%emt 0:07:05]} 13. Bxc4 {[%emt 0:00:55]} Rxc4 {[%emt 0:00:19]} 14. h4 {[%emt 0:00:11]} h5 {[%emt 0:05:22]} 15. gxh5 {[%emt 0:07:14]} Nxh5 {[%emt 0:01:52]} 16. Nb3 {[%emt 0:00:27]} a5 {[%emt 0:11:30]} 17. Nd5 {[%emt 0:11:12]} a4 {[%emt 0:16:43]} 18. Na5 {[%emt 0:04:27]} Bc3 {[%emt 0:09:25]} 19. Nxc3 {[%emt 0:09:15]} Qxa5 {[%emt 0:00:25]} 20. Nd5 {[%emt 0:03:13]} Qd8 {[%emt 0:02:56]} 21. Bb6 {[%emt 0:05:59]} Qe8 {[%emt 0:02:56]} 22. Qg5 {[%emt 0:05:03]} f6 {[%emt 0:06:28]} 23. Qh6 {[%emt 0:00:11]} Qf7 {[%emt 0:01:46]} 24. Rdg1 {[%emt 0:01:19]} Be8 {[%emt 0:01:49]} 25. Rxg6+ {[%emt 0:00:12]} Qxg6 {[%emt 0:03:41]} 26. Nxe7+ {[%emt 0:00:07]} Kf7 {[%emt 0:00:09]} 27. Nxg6 {[%emt 0:00:12]} Rg8 {[%emt 0:01:29]} 28. Qxh5 {[%emt 0:00:04]} Kg7 {[%emt 0:01:30]} 29. Rg1 {[%emt 0:00:21]} Bxg6 {[%emt 0:01:01]} 30. Qxg6+ {[%emt 0:00:11]} 1-0

[Event "LTU-ch Women 2020"]
[Site "Vilnius"]
[Date "2020.11.21"]
[Round "2.1"]
[White "Bajoraite, Rita"]
[Black "Baginskaite, Kamile"]
[Result "0-1"]
[WhiteElo "1741"]
[BlackElo "2141"]
[Annotator "NA"]
[PlyCount "84"]
[EventDate "2020.11.20"]
[EventType "swiss"]
[EventCountry "LTU"]
[SourceTitle "playchess.com"]
[Source "ChessBase"]
[SourceQuality "1"]
[TimeControl "40/5400+30:1800+30"]

1. d4 {[%emt 0:00:00]} Nf6 {[%emt 0:01:41]} 2. c4 {[%emt 0:00:18]} e6 {[%emt 0:02:44]} 3. Nf3 {[%emt 0:01:57]} d5 {[%emt 0:00:48]} 4. e3 {[%emt 0:00:22]} Be7 {[%emt 0:00:08]} 5. Bd3 {[%emt 0:00:59]} O-O {[%emt 0:00:12]} 6. O-O {[%emt 0:00:15]} b6 {[%emt 0:01:47]} 7. Nc3 {[%emt 0:00:15]} Bb7 {[%emt 0:00:23]} 8. Re1 {[%emt 0:04:56]} c5 {[%emt 0:10:59]} 9. cxd5 $11 {[%emt 0:18:21]} cxd4 {[%emt 0:10:13]} 10. exd4 {[%emt 0:02:38]} Nxd5 {[%emt 0:00:29]} 11. Ne4 {[%emt 0:03:02]} Nd7 {[%emt 0:02:45]} 12. Bg5 {[%emt 0:15:34]} N7f6 {[%emt 0:10:18]} 13. Qe2 {[%emt 0:13:22]} Nb4 {[%emt 0:03:46]} 14. Nxf6+ {[%emt 0:09:03]} Bxf6 {[%emt 0:02:27]} 15. Bxf6 {[%emt 0:00:05]} Qxf6 {[%emt 0:00:25]} 16. Be4 {[%emt 0:00:44]} Bxe4 {[%emt 0:09:19]} 17. Qxe4 {[%emt 0:00:02]} Qg6 {[%emt 0:00:07]} 18. Ne5 {[%emt 0:06:38]} Qxe4 {[%emt 0:05:24]} 19. Rxe4 {[%emt 0:00:01]} Rac8 {[%emt 0:00:09]} 20. a3 {[%emt 0:01:50]} Nd5 {[%emt 0:01:41]} 21. Re2 {[%emt 0:00:51]} Rfd8 {[%emt 0:08:14]} 22. g3 {[%emt 0:01:09]} Ne7 {[%emt 0:00:55]} 23. Rd1 {[%emt 0:01:42]} Nf5 {[%emt 0:01:23]} 24. Red2 {[%emt 0:00:25]} Rd5 {[%emt 0:00:40]} 25. f4 {[%emt 0:06:09]} h5 {[%emt 0:08:18]} 26. Kf2 {[%emt 0:00:17]} Nd6 {[%emt 0:01:27]} 27. Ke2 {[%emt 0:01:46]} Ne4 {[%emt 0:01:20]} 28. Rd3 {[%emt 0:03:06]} f6 {[%emt 0:07:21]} 29. Ke3 {[%emt 0:00:47]} Nd6 {[%emt 0:00:31]} 30. Rc3 {[%emt 0:04:26]} fxe5 {[%emt 0:01:43]} 31. fxe5 {[%emt 0:00:09]} Nc4+ {[%emt 0:03:58]} 32. Ke4 {[%emt 0:00:17]} b5 {[%emt 0:00:04]} 33. a4 {[%emt 0:02:01]} b4 {[%emt 0:00:39]} 34. Rb3 {[%emt 0:00:39]} a5 {[%emt 0:00:21]} 35. Rf3 {[%emt 0:00:42]} Nxb2 {[%emt 0:00:37]} 36. Rdf1 {[%emt 0:00:49]} Nxa4 {[%emt 0:00:42]} 37. Rf7 {[%emt 0:00:23]} Rcd8 {[%emt 0:00:37]} 38. Re7 {[%emt 0:00:29]} Rxd4+ {[%emt 0:00:12]} 39. Ke3 {[%emt 0:00:06]} Rd3+ {[%emt 0:00:16]} 40. Kf2 {[%emt 0:01:24]} Rf8+ {[%emt 0:00:43]} 41. Ke2 {[%emt 0:30:33]} Rxf1 {[%emt 0:30:15]} 42. Kxd3 {[%emt 0:00:07]} b3 {[%emt 0:00:17]} 0-1

[Event "LTU-ch Women 2020"]
[Site "Vilnius"]
[Date "2020.11.21"]
[Round "2.2"]
[White "Ravlusevic, Evelina"]
[Black "Sibajeva, Marija"]
[Result "1-0"]
[WhiteElo "1581"]
[BlackElo "1910"]
[Annotator "NA"]
[PlyCount "61"]
[EventDate "2020.11.20"]
[EventType "swiss"]
[EventCountry "LTU"]
[SourceTitle "playchess.com"]
[Source "ChessBase"]
[SourceQuality "1"]
[TimeControl "40/5400+30:1800+30"]

1. d4 {[%emt 0:00:00]} d5 {[%emt 0:00:00]} 2. Nf3 {[%emt 0:00:00]} Nf6 {[%emt 0:00:00]} 3. Bf4 {[%emt 0:00:02]} g6 {[%emt 0:00:12]} 4. e3 {[%emt 0:04:45]} Bg7 {[%emt 0:00:07]} 5. h3 {[%emt 0:00:11]} O-O {[%emt 0:00:07]} 6. Be2 {[%emt 0:00:05]} c5 {[%emt 0:00:18]} 7. c3 {[%emt 0:00:16]} Qb6 {[%emt 0:02:43]} 8. Qb3 {[%emt 0:01:15]} c4 {[%emt 0:00:30]} 9. Qxb6 {[%emt 0:00:24]} axb6 {[%emt 0:00:06]} 10. Nbd2 {[%emt 0:00:35]} Nc6 {[%emt 0:02:22]} 11. Ne5 {[%emt 0:02:35]} Nd7 {[%emt 0:05:01]} 12. Nxd7 {[%emt 0:00:38]} Bxd7 {[%emt 0:00:08]} 13. Bf3 {[%emt 0:12:45]} Ra5 {[%emt 0:06:49]} 14. b4 {[%emt 0:09:55]} cxb3 {[%emt 0:00:36]} 15. Nxb3 {[%emt 0:00:15]} Ra3 {[%emt 0:00:09]} 16. Bxd5 {[%emt 0:03:38]} Rfa8 {[%emt 0:00:12]} 17. O-O {[%emt 0:02:07]} e6 {[%emt 0:10:22]} 18. Bf3 {[%emt 0:15:00]} Bf8 {[%emt 0:15:05]} 19. Bc7 {[%emt 0:10:49]} b5 {[%emt 0:03:09]} 20. e4 {[%emt 0:12:48]} Rc8 {[%emt 0:21:10]} 21. Bb6 {[%emt 0:05:00]} Nb8 {[%emt 0:04:51]} 22. Rfc1 {[%emt 0:04:56]} Bh6 {[%emt 0:03:25]} 23. Rc2 {[%emt 0:00:30]} b4 {[%emt 0:06:43]} 24. c4 {[%emt 0:04:51]} Ba4 {[%emt 0:00:14]} 25. Rb2 {[%emt 0:05:42]} Rxc4 {[%emt 0:01:56]} 26. Na5 {[%emt 0:02:01]} Rc2 {[%emt 0:01:41]} 27. Rxb4 {[%emt 0:00:38]} Bf4 {[%emt 0:04:38]} 28. Bd1 {[%emt 0:01:29]} Bd2 {[%emt 0:06:20]} 29. Rxa4 {[%emt 0:00:27]} Rxa4 {[%emt 0:02:00]} 30. Bxc2 {[%emt 0:00:06]} Bxa5 {[%emt 0:00:19]} 31. Bxa4 {[%emt 0:00:18]} 1-0

[Event "LTU-ch Women 2020"]
[Site "Vilnius"]
[Date "2020.11.21"]
[Round "2.3"]
[White "Plutaite, Ausra"]
[Black "Perminaite, Guoda"]
[Result "1/2-1/2"]
[WhiteElo "1400"]
[BlackElo "1757"]
[Annotator "NA"]
[PlyCount "116"]
[EventDate "2020.11.20"]
[EventType "swiss"]
[EventCountry "LTU"]
[SourceTitle "playchess.com"]
[Source "ChessBase"]
[SourceQuality "1"]
[TimeControl "40/5400+30:1800+30"]

1. e4 {[%emt 0:00:00]} e5 {[%emt 0:02:10]} 2. Nf3 {[%emt 0:00:00]} Nc6 {[%emt 0:00:03]} 3. d4 {[%emt 0:00:00]} exd4 {[%emt 0:00:07]} 4. Bc4 {[%emt 0:00:06]} Bc5 {[%emt 0:00:07]} 5. c3 {[%emt 0:00:08]} Nf6 {[%emt 0:00:06]} 6. cxd4 {[%emt 0:00:11]} Bb4+ {[%emt 0:00:30]} 7. Bd2 {[%emt 0:00:07]} Bxd2+ {[%emt 0:00:39]} 8. Nbxd2 {[%emt 0:00:08]} d5 {[%emt 0:00:29]} 9. exd5 {[%emt 0:00:19]} Nxd5 {[%emt 0:00:08]} 10. Qb3 {[%emt 0:00:08]} Nce7 {[%emt 0:00:32]} 11. O-O {[%emt 0:00:41]} O-O {[%emt 0:01:47]} 12. Rfe1 {[%emt 0:00:11]} c6 {[%emt 0:02:34]} 13. Ne4 {[%emt 0:00:45]} h6 {[%emt 0:08:58]} 14. Ne5 {[%emt 0:09:17]} Qb6 {[%emt 0:24:55]} 15. Nc5 {[%emt 0:02:42]} Qxb3 {[%emt 0:02:39]} 16. axb3 {[%emt 0:03:47]} Rd8 {[%emt 0:04:55]} 17. g3 {[%emt 0:04:42]} Kf8 {[%emt 0:09:58]} 18. Re2 {[%emt 0:02:55]} Nc7 {[%emt 0:08:22]} 19. Nxf7 {[%emt 0:03:03]} Rxd4 {[%emt 0:00:14]} 20. Rae1 {[%emt 0:00:13]} Ned5 {[%emt 0:10:36]} 21. Nd6 {[%emt 0:02:17]} Bh3 {[%emt 0:03:13]} 22. Bxd5 {[%emt 0:02:23]} Rxd5 {[%emt 0:04:16]} 23. Ncxb7 {[%emt 0:00:10]} Kg8 {[%emt 0:01:46]} 24. Re7 {[%emt 0:01:13]} Nb5 {[%emt 0:02:01]} 25. Ne8 {[%emt 0:03:33]} Nd4 {[%emt 0:03:27]} 26. Kh1 {[%emt 0:08:34]} Nf3 {[%emt 0:01:38]} 27. Rc1 {[%emt 0:00:34]} Kf8 {[%emt 0:01:32]} 28. Re3 {[%emt 0:01:54]} Rxe8 {[%emt 0:01:39]} 29. Rxf3+ {[%emt 0:00:07]} Kg8 {[%emt 0:00:08]} 30. Kg1 {[%emt 0:02:56]} Re7 {[%emt 0:01:04]} 31. g4 {[%emt 0:01:00]} Bxg4 {[%emt 0:00:35]} 32. Rg3 {[%emt 0:00:05]} Bf5 {[%emt 0:02:06]} 33. Nc5 {[%emt 0:00:28]} g6 {[%emt 0:01:31]} 34. Na4 {[%emt 0:02:14]} Rd6 {[%emt 0:00:51]} 35. Rgc3 {[%emt 0:02:46]} Rc7 {[%emt 0:00:58]} 36. Nc5 {[%emt 0:00:06]} Kf7 {[%emt 0:00:43]} 37. Na6 {[%emt 0:00:55]} Rb7 {[%emt 0:00:34]} 38. Rxc6 {[%emt 0:02:36]} Rxc6 {[%emt 0:00:07]} 39. Rxc6 {[%emt 0:00:02]} Rxb3 {[%emt 0:00:29]} 40. Rc7+ {[%emt 0:00:11]} Kf6 {[%emt 0:00:09]} 41. Rxa7 {[%emt 0:30:07]} Rxb2 {[%emt 0:30:48]} 42. Nc5 {[%emt 0:00:42]} Rc2 {[%emt 0:00:54]} 43. Nb3 {[%emt 0:04:39]} Rc4 {[%emt 0:00:00]} 44. Nd2 {[%emt 0:00:00]} Rg4+ {[%emt 0:00:00]} 45. Kh1 {[%emt 0:00:00]} Rd4 {[%emt 0:00:00]} 46. Ra2 {[%emt 0:00:00]} Be6 {[%emt 0:00:00]} 47. Rb2 {[%emt 0:00:00]} Kf5 {[%emt 0:00:00]} 48. f3 {[%emt 0:00:00]} Bd5 {[%emt 0:00:00]} 49. Kg2 {[%emt 0:00:00]} Kf4 {[%emt 0:00:00]} 50. Ne4 {[%emt 0:00:00]} g5 {[%emt 0:00:00]} 51. h3 {[%emt 0:00:00]} Ra4 {[%emt 0:00:00]} 52. Rd2 {[%emt 0:00:00]} Ra5 {[%emt 0:00:00]} 53. Rd4 {[%emt 0:00:00]} Ra2+ {[%emt 0:00:00]} 54. Nf2+ {[%emt 0:00:00]} Ke5 {[%emt 0:00:25]} 55. Rb4 {[%emt 0:00:00]} h5 {[%emt 0:00:54]} 56. Kg3 {[%emt 0:00:00]} Ra3 {[%emt 0:00:21]} 57. Ne4 {[%emt 0:00:00]} Bxe4 {[%emt 0:02:19]} 58. Rxe4+ {[%emt 0:00:00]} Kf5 1/2-1/2